000 00392nam a2200169Ia 4500
008 230524s9999 xx 000 0 und d
020 _a8121914388
082 _a515.12
_bKAN
100 _aP.Kandasamy
245 0 _aNumerical Methods
250 _a2ND
260 _aNEW DELHI
_bS.Chand
_c2005
300 _aIV;597
500 _aQuantity Number: 2
650 _aMathematics
942 _cBK
999 _c34271
_d34271